01380 a2200181 4500003000500000005001700005010001300022020001500035040000900050082001500059100002400074245009900098260006200197300004100259505079900300600002401099650007501123Nust20221229100726.0 a61019385 a0691018537 cNust a355.02,MAK aEarle, Edward Mead, aMakers of modern strategy;bmilitary thought from Machiavelli to Hitler / cEdward Mead Earle, a[N.J.] Princeton University PressbPrincetonc1960, c1941 axi, 553 pbmapscplanediagrsf25 cm aIntroduction on Strategy (Page-1), Athenian strategy in the Peloponnesian War (Page-24), The Strategy Of The warrior State (Page-56), Chinese strategy from the fourteenth to the seventeenth centuries (Page-85), The Making of strategy in Hbsburg Spain (Page-115), The Orgians of global Strategy (Page-151), A quest for Glossary (Page-178), To The Edge of Greatness (Page- 205), Strategic Uncertainties of a Nation (Page-242), The Weary Titan (Page-278), The Strategy of the Decisive Weight (Page-307), The road to Ideological War (Page-352), The Collapse of Empire (Page-393), The Strategy of Innocence (Page-428), The Illusion of Security (Page-466), Strategy for Class War (Page-498), The Evolution of Israeli Strategy (Page-534), Strategy in the Nuclear Age (Page-579), Conclusion (Page-614). aEarle, Edward Mead, aMakers of modern strategy; military thought from Machiavelli to Hitler